|
|
|
|
| LEADER |
01227nam a2200325 a 4500 |
| 001 |
EBC3238449 |
| 003 |
MiAaPQ |
| 005 |
20200520144314.0 |
| 006 |
m o d | |
| 007 |
cr cn||||||||| |
| 008 |
110913s2011 enka sb 001 0 eng d |
| 020 |
|
|
|z 9781871891041
|
| 020 |
|
|
|a 9781871891133 (electronic bk.)
|
| 035 |
|
|
|a (MiAaPQ)EBC3238449
|
| 035 |
|
|
|a (Au-PeEL)EBL3238449
|
| 035 |
|
|
|a (CaPaEBR)ebr10490886
|
| 035 |
|
|
|a (CaONFJC)MIL344801
|
| 035 |
|
|
|a (OCoLC)897505456
|
| 040 |
|
|
|a MiAaPQ
|c MiAaPQ
|d MiAaPQ
|
| 050 |
|
4 |
|a HF5387
|b .T43 2011
|
| 245 |
0 |
0 |
|a Teaching ethics.
|n Volume two,
|p Business ethics
|h [electronic resource] /
|c edited by Rosamund M. Thomas.
|
| 260 |
|
|
|a Suffolk, U.K. :
|b Ethics International Press Ltd.,
|c 2011.
|
| 300 |
|
|
|a xvii, 300 p. :
|b ill.
|
| 504 |
|
|
|a Includes bibliographical references and index.
|
| 533 |
|
|
|a Electronic reproduction. Ann Arbor, MI : ProQuest, 2015. Available via World Wide Web. Access may be limited to ProQuest affiliated libraries.
|
| 650 |
|
0 |
|a Business ethics.
|
| 655 |
|
4 |
|a Electronic books.
|
| 700 |
1 |
|
|a Thomas, Rosamund M.
|
| 710 |
2 |
|
|a ProQuest (Firm)
|
| 856 |
4 |
0 |
|u https://ebookcentral.proquest.com/lib/matrademy/detail.action?docID=3238449
|z Click to View
|